Кислотно-основные свойства электролитов и критерии их анализа: справочник

Бібліографічні деталі
Автор: Худякова Т. А. Татьяна Александровна
Інші автори: Арбатский А. П. Анатолий Петрович
Мова:Російська
Опубліковано: Москва, Химия, 1988
Предмети:
Формат: Книга
KOHA link:https://koha.lib.tpu.ru/cgi-bin/koha/opac-detail.pl?biblionumber=374883

MARC

LEADER 00000nam0a2200000 4500
001 374883
005 20231102012703.0
010 |a 5724500485 
020 |a RU  |b 88-91434 
035 |a (RuTPU)RU\TPU\retro\32318 
035 |a RU\TPU\book\226400 
090 |a 374883 
100 |a 20221219d1988 km y0rusy5003 ca 
101 0 |a rus 
102 |a RU 
105 |a a g 001zy 
200 1 |a Кислотно-основные свойства электролитов и критерии их анализа  |e справочник  |f Т. А. Худякова, А. П. Арбатский 
210 |a Москва  |c Химия  |d 1988 
215 |a 62,[1] с.  |c граф. 
320 |a Библиогр.: с. 61-63 (75 назв.). 
606 1 |a Электролиты  |x (химия)  |2 stltpush  |3 (RuTPU)RU\TPU\subj\20123  |9 45259 
610 1 |a справочники 
610 1 |a растворы 
610 1 |a кислотно-основные свойства 
610 1 |a титрование 
610 1 |a смеси 
610 1 |a анализ 
610 1 |a определение 
610 1 |a кислоты 
610 1 |a прогнозирование 
675 |a 544.6.018.4(035)  |z rus  |v 3 
700 1 |a Худякова  |b Т. А.  |g Татьяна Александровна  |4 070 
701 1 |a Арбатский  |b А. П.  |g Анатолий Петрович  |4 070 
801 0 |a RU  |b RuMRKP  |c 19950417  |g psbo 
801 1 |a RU  |b 63413507  |c 20120125 
801 2 |a RU  |b 63413507  |c 20221219  |g RCR 
942 |c BK